| 000 | 00698cam a2200241 4500500 | ||
|---|---|---|---|
| 005 | 20260405003009.0 | ||
| 041 | _afre | ||
| 042 | _adc | ||
| 100 | 1 | 0 |
_aGastineau, Nicolas _eauthor |
| 245 | 0 | 0 | _aL’altruisme descend-il du singe ? |
| 260 | _c2019. | ||
| 500 | _a59 | ||
| 690 | _aAltruisme | ||
| 690 | _aAnimaux | ||
| 690 | _aEmpathie | ||
| 690 | _aÉtienne Bimbenet | ||
| 690 | _aFrans de Waal | ||
| 690 | _aPatricia Churchland | ||
| 690 | _aSarah Brosnan | ||
| 690 | _aSinges | ||
| 786 | 0 | _nPhilosophie magazine | 135 | 12 | 2019-12-01 | p. 21-23 | 1951-1787 | |
| 856 | 4 | 1 | _uhttps://shs.cairn.info/magazine-philosophie-magazine-2019-12-page-21?lang=fr&redirect-ssocas=7080 |
| 999 |
_c2063351 _d2063351 |
||